Sorption Behaviour of Trichlorobenzenes and Polycyclic Aromatic Hydrocarbons in the Absence or Presence of Carbon Nanotubes in the Aquatic Environment

This work investigates the sorption behaviour of six hydrophobic organic compounds (HOCs) from the trichlorobenzenes (TCBs) and polycyclic aromatic hydrocarbons (PAHs) on Danube sediment using batch and column experiments, either in the presence or absence of carbon nanotubes (CNTs). For all HOCs in...

Teljes leírás

Elmentve itt :
Bibliográfiai részletek
Szerzők: Trickovic Jelena
Isakovski Marijana Kragulj
Watson Malcolm
Maletić Snežana
Rončević Srđan
Dalmacija Božo
Kónya Zoltán
Kukovecz Ákos
Dokumentumtípus: Cikk
Megjelent: Springer 2016
Sorozat:WATER AIR AND SOIL POLLUTION 227 No. 10
doi:10.1007/s11270-016-3073-y

mtmt:3109746
Online Access:http://publicatio.bibl.u-szeged.hu/9832
LEADER 02469nab a2200289 i 4500
001 publ9832
005 20200123145227.0
008 161103s2016 hu o 0|| zxx d
022 |a 0049-6979 
024 7 |a 10.1007/s11270-016-3073-y  |2 doi 
024 7 |a 3109746  |2 mtmt 
040 |a SZTE Publicatio Repozitórium  |b hun 
041 |a zxx 
100 1 |a Trickovic Jelena 
245 1 0 |a Sorption Behaviour of Trichlorobenzenes and Polycyclic Aromatic Hydrocarbons in the Absence or Presence of Carbon Nanotubes in the Aquatic Environment  |h [elektronikus dokumentum] /  |c  Trickovic Jelena 
260 |a Springer  |c 2016 
300 |a paper 374-16 p 
490 0 |a WATER AIR AND SOIL POLLUTION  |v 227 No. 10 
520 3 |a This work investigates the sorption behaviour of six hydrophobic organic compounds (HOCs) from the trichlorobenzenes (TCBs) and polycyclic aromatic hydrocarbons (PAHs) on Danube sediment using batch and column experiments, either in the presence or absence of carbon nanotubes (CNTs). For all HOCs investigated, nonlinear isotherms were obtained. Based on logKoc, it can be concluded that the Danube sediment has a higher sorption affinity for PAHs than TCBs. A positive correlation between HOC molecular hydrophobicity and sorption affinity was obtained, meaning that hydrophobic interactions play a significant role. There was a negative correlation between molecular hydrophobicity and the percentage of eluted HOCs, indicating that more hydrophobic molecules show less mobility in the sediment column. In the presence of CNTs in the sediment column, HOC concentrations in the column eluate decreased by factors of 2–3. Metal oxides and hydroxides on the surface of the sediment under the given experimental conditions had positively charged centres that caused the deposition of CNTs, leading to simultaneous sorption of organic compounds on both sediment organic matter (SOM) and CNTs. The increased retention of HOCs in the presence of CNTs on the sediment column reduces their mobility, which might also suggest that CNTs may be used for remediation of contaminated soils and sediments. 
700 0 1 |a Isakovski Marijana Kragulj  |e aut 
700 0 1 |a Watson Malcolm  |e aut 
700 0 1 |a Maletić Snežana  |e aut 
700 0 1 |a Rončević Srđan  |e aut 
700 0 1 |a Dalmacija Božo  |e aut 
700 0 1 |a Kónya Zoltán  |e aut 
700 0 1 |a Kukovecz Ákos  |e aut 
856 4 0 |u http://publicatio.bibl.u-szeged.hu/9832/1/WaterAirSoilPollut_2272016374_u.pdf  |z Dokumentum-elérés